ბათუმის შოთა რუსთაველის სახელმწიფო უნივერსიტეტის ბიბლიოთეკა

მეწარმეობისა და აგრობიზნესის განვითარების პრიორიტეტები თანამედროვე ეტაპზე (გურიის რეგიონის მაგალითზე) : დისერტაცია / (ბიბ.ჩანაწერი № 51667)

000 -ლიდერი
ფიქსირებული სიგრძის საკონტროლო ველი 02310nam a2200313Ia 4500
001 - საკონტროლო ნომერი
საკონტროლო ველი 18658
003 - საკონტროლო ნომრის იდენტიფიკატორი
საკონტროლო ველი GE_BSU
005 - ბოლო ოპერაციის თარიღი და დრო
საკონტროლო ველი 20220920165013.0
008 - ფიქსირებული სიგრძის მონაცემთა ელემენტები - ზოგადი ინფორმაცია
ფიქსირებული სიგრძის საკონტროლო ველი 181216s2008||||ge |||||||||||||| ||geo||
040 ## - კატალოგიზაციის წყარო
Transcribing agency GE_BSU
041 ## - ენის კოდი
Language code of text/sound track or separate title geo
080 ## - უნივერსალური ათობითი კლასიფიკაციის ინდექსი
Universal Decimal Classification number 33 შ-21
100 ## - მთავარი ჩანაწერი - პიროვნების სახელი
Personal name შანიძე, გოდერძი
9 (RLIN) 10469
245 ## - ცნობა სათაურის შესახებ
Title მეწარმეობისა და აგრობიზნესის განვითარების პრიორიტეტები თანამედროვე ეტაპზე (გურიის რეგიონის მაგალითზე) : დისერტაცია /
Statement of responsibility, etc გოდერძი შანიძე; სამეცნიერო ხელმძღვანელი ჯ. მახარაძე, ლ. ბიგვავა; ბათუმის შოთა რუსთაველის სახელმწიფო უნივერსიტეტი.
250 ## - გამოცემის ცნობა
Edition statement ბათუმის შოთა რუსთაველის სახ-ფო უნ-ტი.
264 ## - წარმოების, გამოცემის, დისტრიბუციის და სხვა ცნობები
გამოცემის, წარმოების, დისტრიბუციის... ადგილი ბათუმი,
გამოცემის, წარმოების, დისტრიბუციის... სახელწოდება
გამოცემის, წარმოების, დისტრიბუციის... თარიღი 2008.
300 ## - ფიზიკური აღწერა
Extent 149 გვ.;
Other physical details 30 სმ.
504 ## - BIBLIOGRAPHY, ETC. NOTE
Bibliography, etc ბიბლიოგრ.: გვ. 143-155
653 ## - INDEX TERM--UNCONTROLLED
Uncontrolled term დისერტაცია
653 ## - INDEX TERM--UNCONTROLLED
Uncontrolled term ეკონომიკა
653 ## - INDEX TERM--UNCONTROLLED
Uncontrolled term მეწარმეობა საქართველოში
653 ## - INDEX TERM--UNCONTROLLED
Uncontrolled term მეჩაიეობა საქართველოში
653 ## - INDEX TERM--UNCONTROLLED
Uncontrolled term მეწარმეობისა და აგრობიზნესის განვითარების პრიორიტეტები თანამედროვე ეტაპზე. (გურიის რეგიონის მაგალითზე)
700 ## - ADDED ENTRY--PERSONAL NAME
Personal name მახარაძე, ჯ.
Relator term სამეცნიერო ხელმძღვანელი
9 (RLIN) 10470
700 ## - ADDED ENTRY--PERSONAL NAME
Personal name ბიგვავა, ლ.
Relator term სამეცნიერო ხელმძღვანელი
9 (RLIN) 10471
710 ## - ADDED ENTRY--CORPORATE NAME
Corporate name or jurisdiction name as entry element ბათუმის შოთა რუსთაველის სახელმწიფო უნივერსიტეტი
9 (RLIN) 11887
711 ## - ADDED ENTRY--MEETING NAME
Meeting name or jurisdiction name as entry element ბათუმის შოთა რუსთაველის სახ-ფო უნ-ტი
9 (RLIN) 10472
942 ## - ADDED ENTRY ELEMENTS (KOHA)
Koha item type წიგნი
Source of classification or shelving scheme
ეგზემპლარები
ჩამოწერის სტატუსი დაკარგული ეგზემპლარის სტატუსი კლასიფიკაციის წყარო ან თაროზე გაწყობის სქემა დაზიანების სტატუსი არ გაიცემა მუდმივი მდებარეობა (დაცვის ადგილი) ამჟამინდელი ადგილსამყოფელი თაროზე განთავსების ადგილი შეძენის თარიღი სრული შენახვის შიფრი შტრიხკოდი ბოლო ოპერაციის თარიღი ეგზემპლარის მიმდევრობითი ნომერი (კეტერი?) ფასის ძალაში შესვლის თარიღი ეგზემპლარის სახეობა
          ბათუმის შოთა რუსთაველის სახელმწიფო უნივერსიტეტის მთავარი ბიბლიოთეკა ბათუმის შოთა რუსთაველის სახელმწიფო უნივერსიტეტის მთავარი ბიბლიოთეკა წიგნსაცავი 2018-12-17 33 შ-21 5 დისერტ. 2018-12-17 5 2018-12-17 დისერტაცია